Sports Quiz

Random Sports or Soccer Quiz
Score 0/23 Timer 05:00
0 Plays Today
Club in 2002 Full name % Correct
Nr 2. Aston Villa FC (Defender)Olof Mellberg
90.7%
Nr 11. Celtic FC (Striker)Henrik Larsson
89.3%
Nr 21. AFC Ajax (Striker)Zlatan Ibrahimovic
85.3%
Nr 1. Coventry City, Celtic FC (Goalkeeper)Magnus Hedman
84%
Nr 9. Arsenal FC (Midfielder)Fredrik Ljungberg
81.3%
Nr 8. Southampton FC (Midfielder)Anders Svensson
78.7%
Nr 3. FC Barcelona (Defender)Patrik Andersson
77.3%
Nr 23. Djurgårdens IF (Goalkeeper)Andreas Isaksson
72%
Nr 4. Celtic FC (Defender)Johan Mjällby
70.7%
Nr 10. SC Heerenveen (Striker)Marcus Allbäck
68%
Nr 6. Everton FC (Midfielder)Tobias Linderoth
66.7%
Nr 7. Everton FC (Midfielder)Niclas Alexandersson
66.7%
Club in 2002 Full name % Correct
Nr 16. AIK Fotboll on loan to Leeds United (Defender)Teddy Lucic
61.3%
Nr 14. SC Heerenveen (Defender)Erik Edman
49.3%
Nr 22. AIK Fotboll (Striker)Andreas Andersson
44%
Nr 5. Southampton FC (Defender)Michael Svensson
41.3%
Nr 17. Brøndby IF, Halmstad BK (Midfielder)Magnus Svensson
41.3%
Nr 15. Hansa Rostock (Defender)Andreas Jakobsson
38.7%
Nr 20. Venezia on loan to Chievo Verona (Midfielder)Daniel Andersson
38.7%
Nr 12. FC Copenhagen (Goalkeeper)Magnus Kihlstedt
36%
Nr 19. AS Monaco FC (Midfielder)Pontus Farnerud
36%
Nr 18. Norwich City (Midfielder)Mattias Jonson
32%
Nr 13. FC Copenhagen (Defender)Tomas Antonelius
21.3%
Remove Ads.
Support Sporcle.
Get the best of Sporcle when you Go Orange. This ad-free experience offers more features, more stats, and more fun while also helping to support Sporcle. Thank you for becoming a member.

You're not logged in!

Compare scores with friends on all Sporcle quizzes.
OR
Log In

Show Comments

Extras

Top Quizzes Today


Score Distribution

Your Account Isn't Verified!

In order to create a playlist on Sporcle, you need to verify the email address you used during registration. Go to your Sporcle Settings to finish the process.

Report this User

Report this user for behavior that violates our Community Guidelines.

Details: